000
00265nam a2200121Ia 4500
008
191201s2019 xx 000 0 und d
100
_a
PERLOFF, Jeffrey M.
245
0
_a
Microeconomics
260
_b
Pearsons
300
_a
799
650
_a
BBA
942
_2
ddc
_c
BK
_0
5
999
_c
7029
_d
7029